Cultural and smart city Torre-Pacheco /

Bibliographic Details
Main Author: Mňdez Rocasolano, Mara̕
Format: eBook
Language:Spanish
Published: Madrid: Dykinson, 2017
Subjects:
Online Access:Acceso restringido

MARC

LEADER 00000nam a22000007a 4500
005 20181102213441.0
007 cr|||| ||||
008 181102s2017 es |||||s|||| 00||0 spa d
020 |a 978-84-9148-624-4 
035 |a 21975 
040 |a vLex 
090 |c 8272  |d 8272 
100 1 |a Mňdez Rocasolano, Mara̕ 
245 1 0 |a Cultural and smart city  |h [Recurso electrn̤ico] :  |b Torre-Pacheco /  |c Mara̕ Mňdez Rocasolano 
256 |a Servicio en ln̕ea 
260 |a Madrid:  |b Dykinson,  |c 2017 
300 |a 1 recurso electrn̤ico 
500 |a Cultural and Smart City: Torre-Pacheco es el resultado de la investigacin̤, la reflexin̤ y el esfuerzo de los profesores de la Universidad San Antonio de Murcia, conocida como UCAM y del Ayuntamiento de Torre Pacheco, localidad Murciana entre la mina y el mar, recorrida por los vientos que los molinos de vela latina acarician en el devenir de sus vecinos y de sus campos. El planteamiento innovador y humanista de las ciudades inteligentes, al servicio de ciudadanos que valoren ese espacio complejo y dinm̀ico que las organizaciones sociales representan, adquiere en el m̀bito local de Espaą y del mundo un nombre propio, Torre-Pacheco como Cultural and Smart City. Representa una manera nueva de entender la organizacin̤ municipal, bajo los ideales de solidaridad, participacin̤ ciudadana y espr̕itu innovador y emprendedor, profundo respeto por el dil̀ogo de los derechos bajo estructuras de honestidad y transparencia en la gestin̤ de lo pb︢lico. La publicacin̤ surge con la intencin̤ de mejorar la calidad de vida y el espacio de los ciudadanos con distintos enfoques, se trata desde la versin̤ antropolg̤ica, hasta la meramente jurd̕ica o la propia del mundo de las telecomunicaciones pasando por aportaciones histr̤icas y urbans̕ticas con la dimensin̤ cultural como referente. 
506 1 |a Disponible solo en los productos indicados  |d vLex Global  |d vLex Global (Academic Edition, excluding Law Schools)  |d vLex Global (U.S. Academic Edition, Law Schools)  |d vLex Global (U.S. Academic Edition, excluding Law Schools)  |d vLex Global (Academic Edition, Law Schools) 
650 0 4 |a Derecho Pb︢lico y Administrativo  |z Espaą 
650 0 4 |a Derecho Administrativo Econm̤ico  |z Espaą 
740 0 |a vLex Libros (Servicio en ln̕ea) 
856 4 0 |u http://vlex.com/source/cultural-and-smart-city-torre-pacheco-21975  |z Acceso restringido 
942 |c BOOK 
999 0 |a Public and Administrative Law 
999 0 |a Administrative Economic Law